000 00466nam a22001817a 4500
005 20241004120952.0
008 241004b |||||||| |||| 00| 0 eng d
020 _a9788126508327
082 _a620.103
_bMER-E
100 _aMeriam J.L, Kraige
245 _aEngineering Mechanics Statistics /
_cMeriam J.L, Kraige
250 _a5th ed.
260 _aindia:
_bwiley;
_c2007
300 _a494p.
_bill;
_c24 cm.
650 _aEngineering
999 _c36638
_d36638